Plus petit pays du monde - Statistiques

Statistiques générales
  • Ce quiz a été pris 129 fois
  • Le résultat moyen est 4 sur 15
Statistiques - réponses
Superficie (km²) Pays % Correct
0,4 km² Vatican
99%
2,0 km² Monaco
92%
61,2 km² Saint-Marin
84%
21,1 km² Nauru
55%
26,0 km² Tuvalu
40%
6,8 km² Gibraltar
8%
30,4 km² Macao
5%
53,2 km² Bermudes
4%
53,2 km² Saint-Martin
4%
21,0 km² Saint-Barthélemy
2%
34,6 km² Île de Norfolk
0%
14,2 km² Îles Cocos
0%
49,0 km² Îles Pitcairn
0%
34,0 km² Sint Maarten
0%
12,2 km² Tokelau
0%
Aucun quiz correspondant
Distribution des résultats
% des personnes avec chaque résultat
Percentile par nombre de réponses
Votre historique - résultats
Vous n’avez pas pris ce quiz